000 00846nam a2200241Ia 4500
003 OSt
005 20220923224030.0
006 a|||||r|||| 00| 0
007 ta
008 220922b |||||||| |||| 00| 0 hin d
024 _a224,240
037 _cTextual
040 _aARTS
_cARTS
_bhin
041 _2hin
_ahin
082 _aY:1.10a4, 152P5
100 _aचतुर्वेदी, जगदीश्वर
245 0 _aयुद्ध ग्लोबल संस्कृति और मीडिया
246 _aYuddha global sanskṛuti aur mīḍiyā
260 _aनई दिल्ली
_b अनामिका पब्लिशर्स
_c2005
300 _a445पृ.
_ccm.
942 _hY:1.10a4, 152P5
_cTEXL
_2CC
999 _c368767
_d368767